ბათუმის შოთა რუსთაველის სახელმწიფო უნივერსიტეტის ბიბლიოთეკა

Soft Skills That Make or Break Your Success: (ბიბ.ჩანაწერი № 62575)

000 -LEADER
fixed length control field 00678nam a22001937a 4500
005 - DATE AND TIME OF LATEST TRANSACTION
control field 20241209172858.0
008 - FIXED-LENGTH DATA ELEMENTS--GENERAL INFORMATION
fixed length control field 241209s2017 enk||||| |||| 00| 0 eng d
020 ## - INTERNATIONAL STANDARD BOOK NUMBER
International Standard Book Number 9781947524019x
041 ## - LANGUAGE CODE
Language code of text/sound track or separate title eng
080 ## - UNIVERSAL DECIMAL CLASSIFICATION NUMBER
Universal Decimal Classification number 005 H-11
100 ## - MAIN ENTRY--PERSONAL NAME
Personal name Habtewold, Assegid W.
9 (RLIN) 23933
245 ## - TITLE STATEMENT
Title Soft Skills That Make or Break Your Success:
Remainder of title 12 Soft skills to master self, get along with, and lead others successfully /
Statement of responsibility, etc. Assegid W. Habtewold.
264 ## - PRODUCTION, PUBLICATION, DISTRIBUTION, MANUFACTURE, AND COPYRIGHT NOTICE
Place of production, publication, distribution, manufacture San Bernardinio :
Name of producer, publisher, distributor, manufacturer Success Pathways Press,
Date of production, publication, distribution, manufacture, or copyright notice 2017.
300 ## - PHYSICAL DESCRIPTION
Extent 222 p.;
Other physical details 23 cm.
653 ## - INDEX TERM--UNCONTROLLED
keyword უნარები
653 ## - INDEX TERM--UNCONTROLLED
keyword მენეჯმენტი
653 ## - INDEX TERM--UNCONTROLLED
keyword მართვა
942 ## - ADDED ENTRY ELEMENTS (KOHA)
Source of classification or shelving scheme
Koha item type წიგნი
ეგზემპლარები
Withdrawn status Lost status Source of classification or shelving scheme Damaged status Not for loan Permanent Location Current Location Shelving location Date acquired Cost, normal purchase price Full call number Barcode Date last seen Copy number Price effective from Koha item type Public note
          ბათუმის შოთა რუსთაველის სახელმწიფო უნივერსიტეტის მთავარი ბიბლიოთეკა ბათუმის შოთა რუსთაველის სახელმწიფო უნივერსიტეტის მთავარი ბიბლიოთეკა წიგნსაცავი 2024-12-09 36.00 005 H-11 69910 2024-12-09 69910 2024-12-09 წიგნი 36 ლ.